Loading...
| Current Events | 3 | 6.67 | 67% | 0% | 0% |
| Fine Arts - Classical Music | 6 | 11.67 | 83% | 33% | 0% |
| Fine Arts - Other Fine Arts | 7 | 11.43 | 100% | 14% | 0% |
| Fine Arts - Painting & Sculpture | 8 | 12.50 | 88% | 38% | 0% |
| Geography | 3 | 16.67 | 100% | 67% | 0% |
| History - American History | 3 | 16.67 | 100% | 67% | 0% |
| History - European History | 2 | 5.00 | 50% | 0% | 0% |
| History - Other History | 5 | 6.00 | 60% | 0% | 0% |
| History - World History | 5 | 14.00 | 100% | 40% | 0% |
| Literature - American Literature | 6 | 13.33 | 100% | 33% | 0% |
| Literature - British Literature | 9 | 13.33 | 100% | 33% | 0% |
| Literature - European Literature | 4 | 10.00 | 100% | 50% | 0% |
| Literature - World Literature | 5 | 10.00 | 100% | 0% | 0% |
| Mythology | 4 | 12.50 | 100% | 25% | 0% |
| Other Academic | 5 | 12.00 | 100% | 20% | 0% |
| Philosophy | 5 | 12.00 | 100% | 20% | 0% |
| Religion | 5 | 10.00 | 80% | 20% | 0% |
| Science - Biology | 5 | 8.00 | 80% | 0% | 0% |
| Science - Chemistry | 3 | 6.67 | 33% | 33% | 0% |
| Science - Other Science | 5 | 10.00 | 80% | 20% | 0% |
| Science - Physics | 6 | 6.67 | 67% | 0% | 0% |
| Social Science | 4 | 30.00 | 175% | 75% | 50% |